Методика оценки диагностических параметров биосигнала периферических артериальных пульсаций; Современные техника и технологии; Т. 1

Bibliographische Detailangaben
Parent link:Современные техника и технологии: сборник трудов XV Международной научно-практической конференции студентов, аспирантов и молодых ученых, Томск, 4-8 мая 2009 г/ Национальный исследовательский Томский политехнический университет (ТПУ).— , 2009
Т. 1.— 2009.— [С. 590-592]
1. Verfasser: Калакутский Л. И.
Weitere Verfasser: Федотов А. А.
Zusammenfassung:Заглавие с титульного листа
Электронная версия печатной публикации
Sprache:Russisch
Veröffentlicht: 2009
Schlagworte:
Online-Zugang:http://www.lib.tpu.ru/fulltext/c/2009/C01/V1/297.pdf
Format: MixedMaterials Elektronisch Buchkapitel
KOHA link:https://koha.lib.tpu.ru/cgi-bin/koha/opac-detail.pl?biblionumber=243662

MARC

LEADER 00000naa2a2200000 4500
001 243662
005 20251219091135.0
035 |a (RuTPU)RU\TPU\book\265013 
035 |a RU\TPU\book\265009 
090 |a 243662 
100 |a 20131003d2009 k y0rusy50 ca 
101 0 |a rus 
102 |a RU 
135 |a drnn ---uucaa 
181 0 |a i  
182 0 |a b 
200 1 |a Методика оценки диагностических параметров биосигнала периферических артериальных пульсаций  |f Л. И. Калакутский, А. А. Федотов 
203 |a Текст  |c электронный 
215 |a 1 файл (441 Кб) 
300 |a Заглавие с титульного листа 
300 |a Электронная версия печатной публикации 
337 |a Adobe Reader 
461 0 |0 (RuTPU)RU\TPU\book\261117  |t Современные техника и технологии  |o сборник трудов XV Международной научно-практической конференции студентов, аспирантов и молодых ученых, Томск, 4-8 мая 2009 г  |o в 3 т.  |f Национальный исследовательский Томский политехнический университет (ТПУ)  |d 2009 
463 0 |0 (RuTPU)RU\TPU\book\261157  |t Т. 1  |v [С. 590-592]  |d 2009 
610 1 |a электронный ресурс 
610 1 |a диагностическая информация 
610 1 |a параметры 
610 1 |a оценка 
610 1 |a биосигналы 
610 1 |a система кровообращения 
610 1 |a пульсация 
610 1 |a артерии 
610 1 |a периферическая пульсовая волна 
610 1 |a гемодинамические процессы 
700 1 |a Калакутский  |b Л. И. 
701 1 |a Федотов  |b А. А. 
801 1 |a RU  |b 63413507  |c 20130617 
801 2 |a RU  |b 63413507  |c 20131120  |g RCR 
856 4 |u http://www.lib.tpu.ru/fulltext/c/2009/C01/V1/297.pdf 
942 |c CF